<?xml version="1.0" encoding="UTF-8"?><marc:collection xmlns:marc="http://www.loc.gov/MARC21/slim">
  <marc:record>
    <marc:leader>00000nmm##2200000za#4500</marc:leader>
    <marc:controlfield tag="001">9.646295</marc:controlfield>
    <marc:controlfield tag="003">CaOODSP</marc:controlfield>
    <marc:controlfield tag="005">20200925131359</marc:controlfield>
    <marc:controlfield tag="007">cj |||||||||||</marc:controlfield>
    <marc:controlfield tag="008">150407|1996||||xxc    |q  d#f      eng|d</marc:controlfield>
    <marc:datafield tag="020" ind1=" " ind2=" ">
      <marc:subfield code="a">0-662-24932-1</marc:subfield>
    </marc:datafield>
    <marc:datafield tag="040" ind1=" " ind2=" ">
      <marc:subfield code="a">CaOODSP</marc:subfield>
      <marc:subfield code="b">eng</marc:subfield>
    </marc:datafield>
    <marc:datafield tag="043" ind1=" " ind2=" ">
      <marc:subfield code="a">n-cn---</marc:subfield>
    </marc:datafield>
    <marc:datafield tag="086" ind1="1" ind2=" ">
      <marc:subfield code="a">JS92-43/1996E-MR1</marc:subfield>
    </marc:datafield>
    <marc:datafield tag="110" ind1="1" ind2=" ">
      <marc:subfield code="a">Canada. </marc:subfield>
      <marc:subfield code="b">National Parole Board.</marc:subfield>
    </marc:datafield>
    <marc:datafield tag="245" ind1="1" ind2="0">
      <marc:subfield code="a">NPB policy manual </marc:subfield>
      <marc:subfield code="h">[electronic resource]</marc:subfield>
    </marc:datafield>
    <marc:datafield tag="260" ind1=" " ind2=" ">
      <marc:subfield code="a">Ottawa - Ontario : </marc:subfield>
      <marc:subfield code="b">Solicitor General Canada. </marc:subfield>
      <marc:subfield code="c">1996.</marc:subfield>
    </marc:datafield>
    <marc:datafield tag="300" ind1=" " ind2=" ">
      <marc:subfield code="a">1 diskette, 3.5". Word 6.0.</marc:subfield>
    </marc:datafield>
    <marc:datafield tag="500" ind1=" " ind2=" ">
      <marc:subfield code="a">Contents: Introduction.--General: Risk assessment for pre-release decision-making criteria and process; Hallmarks of quality decision making; Psychological and psychiatric assessments; Eligibilities.--Temporary absence.--Parole: Day parole; Full parole; Accelerated review; Deportation/extradition/voluntary departure.--Statutory release.--Detention.--Release conditions: Release conditions; Residency and day parole leave privileges.--Post release interventions.--Hearings and reviews: Reviews; Hearings; Observers; Assistants; Interpreters; Adjournments; Waivers; Postponements.--Disclosure of information: Disclosure to offender; Disclosure to victims; Information from victims.--Records of reviews and decisions.--Appeals.--Miscellaneous: Communicable diseases/AIDs; Prohibition from driving.--Clemency and pardons.</marc:subfield>
    </marc:datafield>
    <marc:datafield tag="590" ind1=" " ind2=" ">
      <marc:subfield code="a">96-33</marc:subfield>
      <marc:subfield code="b">1996-08-16</marc:subfield>
    </marc:datafield>
    <marc:datafield tag="690" ind1="0" ind2="7">
      <marc:subfield code="a">Parole</marc:subfield>
      <marc:subfield code="2">gcpds</marc:subfield>
    </marc:datafield>
    <marc:datafield tag="776" ind1="0" ind2="#">
      <marc:subfield code="t">NPB policy manual </marc:subfield>
      <marc:subfield code="w">(CaOODSP)9.698048</marc:subfield>
    </marc:datafield>
  </marc:record>
</marc:collection>
